[Event "FAI-ch 2020"]
[Site "Runavik"]
[Date "2020.10.23"]
[Round "1.1"]
[White "Jacobsen, Heidrikur T."]
[Black "Nielsen, Hogni Egilstoft"]
[Result "0-1"]
[WhiteElo "1873"]
[BlackElo "2396"]
[Annotator "TA"]
[PlyCount "40"]
[EventDate "2020.10.23"]
[EventType "tourn"]
[EventCountry "FAI"]
[SourceTitle "playchess.com"]
[Source "ChessBase"]
[SourceQuality "1"]

{[%evp 10,40,24,11,19,5,23,5,8,18,18,1,10,-12,-17,-23,-17,-50,-17,-36,-30,-59,-12,-137,-140,-138,-137,-117,-80,-113,-132,-223,-225]} 1. Nf3 Nf6 2. d4 e6 3. c4 Bb4+ 4. Bd2 a5 5. a3 Bxd2+ 6. Nbxd2 Nc6 {[%cal Bb8c6,Bc6e7,Be7g6][%mdl 32] E11: Bogo-Indian.} 7. e4 d6 8. Bd3 e5 {The position is equal.} 9. d5 Ne7 {[#]} 10. Nf1 $146 {[%cal Bd2f1,Bf1e3,Be3f5][%mdl 32]} ({Predecessor:} 10. b4 Ng6 11. g3 O-O 12. O-O Bg4 13. Qc1 Nh5 {0-1 (13) Sakhawaty,S (1846)-Ahmed,A (2231) Chess.com INT 2020}) 10... a4 11. Ne3 Nd7 12. O-O Ng6 13. Nf5 O-O 14. g3 Nc5 15. Bc2 Qf6 16. Kg2 (16. Ne3 $11 {remains equal.}) 16... Nxe4 $1 $17 17. Nh6+ gxh6 18. Bxe4 Bf5 19. Qd3 Qg7 {aiming for ...Nf4+.} 20. Kh1 {[#]} ({Wrong is} 20. Bxf5 $2 Nf4+ 21. Kg1 Nxd3 $19) (20. Qe3 $17 Bxe4 21. Qxe4) 20... Bh3 $1 {Av CentiPawn Loss W=-26/B=-9. Weighted=-28/-7} 0-1

[Event "FAI-ch 2020"]
[Site "Runavik"]
[Date "2020.10.23"]
[Round "1.2"]
[White "Gregersen, Hedin"]
[Black "Nolsoe, Rani"]
[Result "1/2-1/2"]
[WhiteElo "1804"]
[BlackElo "2061"]
[Annotator "TA"]
[PlyCount "64"]
[EventDate "2020.10.23"]
[EventType "tourn"]
[EventCountry "FAI"]
[SourceTitle "playchess.com"]
[Source "ChessBase"]
[SourceQuality "1"]

{[%evp 20,64,14,14,14,14,21,18,13,7,21,16,18,0,12,0,20,-6,-33,-28,-26,-22,0,0,0,18,1,-122,-111,-111,-81,-79,0,0,0,0,0,0,0,0,0,0,0,0,0,0,0]} 1. g3 e5 2. c4 Nf6 3. Bg2 d5 4. cxd5 Nxd5 5. Nc3 Nb6 6. Nf3 Nc6 7. O-O Be7 8. d3 O-O 9. a3 Be6 10. b4 {[%cal Bb2b4,Bb4c5][%mdl 32] 10.b4 was played by the boomers.} f6 11. Ne4 a5 {A29: English Opening: Four Knights Variation with 4 g3.} 12. Nc5 Bxc5 13. bxc5 Nd5 14. Bb2 Qd7 15. Rb1 a4 {[#]} 16. Re1 $146 ({Predecessor:} 16. Ba1 Na5 17. e4 Ne7 18. d4 exd4 19. Nxd4 Bc4 20. Re1 Nb3 21. Qc2 Bf7 22. Red1 {1-0 (34) Wadsworth,M (2351)-Caglar,A (2071) Manavgat 2018}) 16... Rfd8 17. Ba1 Ra7 18. e4 Nde7 19. d4 $1 {[%cal Rd4d5]} exd4 20. e5 fxe5 21. Nxe5 Nxe5 22. Rxe5 Nc6 23. Re1 (23. Bxc6 $1 $11 {was the only way to keep the balance.} Qxc6 24. Bxd4) 23... Bd5 $17 24. Bf1 Qf5 25. Bd3 Qf8 ({Black should try} 25... Qf7 $17) 26. Qh5 $11 {The position is equal.} h6 27. Qg6 Qf7 $1 28. Qh7+ Kf8 29. Be4 {[#] Threatens to win with Bxd5.} Qg8 $1 {[%cal Rg8h7] With the idea ...Qxh7.} 30. Qg6 Qf7 31. Qh7 {Bxd5 is the strong threat.} Qg8 $1 {[%cal Rg8h7] next ...Qxh7 is good for Black.} 32. Qg6 Qf7 {Av CentiPawn Loss W=-6/B=-8. Weighted=-6/-9} 1/2-1/2

[Event "FAI-ch 2020"]
[Site "Runavik"]
[Date "2020.10.23"]
[Round "1.3"]
[White "Danielsen, Andrias"]
[Black "Berg, Margar M."]
[Result "1-0"]
[WhiteElo "1886"]
[BlackElo "1912"]
[Annotator "TA"]
[PlyCount "41"]
[EventDate "2020.10.23"]
[EventType "tourn"]
[EventCountry "FAI"]
[SourceTitle "playchess.com"]
[Source "ChessBase"]
[SourceQuality "1"]

{[%evp 15,41,-6,-3,-11,20,26,84,67,77,81,139,143,118,94,113,65,107,94,99,104,402,431,431,417,372,267,634,620]} 1. e4 c5 2. Nc3 d6 3. f4 e6 4. Nf3 Nf6 5. Bb5+ Bd7 6. Bxd7+ Qxd7 7. O-O Nc6 8. d3 Be7 9. Qe1 $1 {B23: Closed Sicilian: Lines without g3.} O-O-O {[#]} 10. Rb1 $146 ({Predecessor:} 10. a3 h6 11. b4 d5 12. b5 Nd4 13. Ne5 Qe8 14. Rb1 dxe4 15. Nxe4 Nxc2 16. Qa5 Nxe4 17. dxe4 {1-0 (24) Suede,M-Doan Thi Van,A (1896) Hue 2009}) 10... Rdg8 (10... d5 $11 {remains equal.}) 11. a3 $16 {White is better.} h5 12. b4 {[%cal Bb2b4,Bb4b5][%mdl 32]} Nh7 (12... h4 $142) 13. Be3 g5 14. b5 Nb8 15. d4 {And now dxc5 would win.} gxf4 16. Bxf4 cxd4 17. Nxd4 e5 $2 {[%mdl 8192] [#] Black cannot hold the game after this.} (17... b6 $16) 18. Nf5 $1 $18 Nf6 ({Weaker is} 18... exf4 19. Nd5 $18) 19. Be3 b6 20. Qf2 Rg4 $2 (20... Bf8 21. Nxd6+ Qxd6) 21. Nxe7+ {[%mdl 64] Discovered Attack. Av CentiPawn Loss W=-15/B=-68. Weighted=-10/-103} 1-0

[Event "FAI-ch 2020"]
[Site "Runavik"]
[Date "2020.10.23"]
[Round "1.4"]
[White "Apol, Luitjen Akselsson"]
[Black "Simonsen, Hans Kristian"]
[Result "1-0"]
[WhiteElo "2126"]
[BlackElo "2147"]
[Annotator "RC"]
[PlyCount "53"]
[EventDate "2020.10.23"]
[EventType "tourn"]
[EventCountry "FAI"]
[SourceTitle "playchess.com"]
[Source "ChessBase"]
[SourceQuality "1"]
[TimeControl "40/5400+30:900+30"]

1. e4 {[%emt 0:00:00]} d6 {[%emt 0:00:00]} 2. d4 {[%emt 0:00:34]} Nf6 {[%emt 0:00:00]} 3. Nc3 {[%emt 0:00:25]} g6 {[%emt 0:00:00]} 4. Bg5 {[%emt 0:01:02]} Bg7 {[%emt 0:00:00]} 5. Qd2 {[%emt 0:00:40]} h6 {[%emt 0:00:03]} 6. Bf4 {[%emt 0:00:33]} g5 {[%emt 0:01:06]} 7. Bg3 {[%emt 0:01:06]} Nh5 {[%emt 0:00:08]} 8. O-O-O {[%emt 0:02:11]} Nd7 {[%emt 0:04:30]} 9. e5 {[%emt 0:04:37]} Nxg3 {[%emt 0:02:39]} 10. hxg3 {[%emt 0:00:09]} Nb6 {[%emt 0:00:10]} 11. f4 {[%emt 0:05:10]} Bg4 {[%emt 0:04:25]} 12. Be2 {[%emt 0:09:13]} Bxe2 {[%emt 0:02:59]} 13. Qxe2 {[%emt 0:08:09]} Qd7 {[%emt 0:02:01]} 14. Nf3 {[%emt 0:06:47]} O-O-O {[%emt 0:01:17]} 15. Nd2 {[%emt 0:07:01]} dxe5 16. dxe5 {[%emt 0:01:45]} Qf5 {[%emt 0:06:01]} 17. Qf3 {[%emt 0:03:56]} f6 {[%emt 0:15:57]} 18. e6 {[%emt 0:10:20]} g4 {[%emt 0:09:50]} 19. Qe2 {[%emt 0:03:38]} Qg6 {[%emt 0:04:55]} 20. Nc4 {[%emt 0:03:02]} c6 {[%emt 0:06:04]} 21. Nxb6+ {[%emt 0:04:31]} axb6 {[%emt 0:03:19]} 22. Qe3 {[%emt 0:03:01]} f5 {[%emt 0:00:10]} 23. Na4 {[%emt 0:02:43]} b5 {[%emt 0:01:23]} 24. Nb6+ {[%emt 0:02:01]} Kc7 {[%emt 0:01:19]} 25. Nd7 {[%emt 0:00:28]} Ra8 {[%emt 0:00:58]} 26. Qb6+ {[%emt 0:00:14]} Kc8 {[%emt 0:00:09]} 27. Nc5 {[%emt 0:00:17]} 1-0

[Event "FAI-ch 2020"]
[Site "Runavik"]
[Date "2020.10.24"]
[Round "2.1"]
[White "Nielsen, Hogni Egilstoft"]
[Black "Simonsen, Hans Kristian"]
[Result "1/2-1/2"]
[WhiteElo "2396"]
[BlackElo "2147"]
[Annotator "TA"]
[PlyCount "81"]
[EventDate "2020.10.23"]
[EventType "tourn"]
[EventCountry "FAI"]
[SourceTitle "playchess.com"]
[Source "ChessBase"]
[SourceQuality "1"]

{[%evp 9,81,37,57,37,44,27,65,26,64,9,0,1,12,-34,-30,-60,-51,-64,-24,-24,-27,0,-25,-23,55,56,48,34,58,24,41,0,0,0,0,0,59,58,75,46,60,61,40,61,57,27,68,16,56,45,38,41,30,12,21,11,28,24,28,18,58,62,73,70,73,71,83,8,8,0,0,0,0,-9]} 1. e4 d6 2. d4 Nf6 3. Nc3 g6 4. f3 a6 5. a4 Nbd7 {[%cal Bb8d7,Bd7e5,Be5c4][%mdl 32]} 6. Be3 {B07: Pirc Defence: Miscellaneous Systems.} Bg7 7. Qd2 e5 8. Nge2 {White is slightly better.} O-O 9. a5 (9. d5 $14) 9... c6 $11 {[#]} 10. dxe5 $146 ({Predecessor:} 10. Nc1 d5 11. exd5 Nxd5 12. Nxd5 cxd5 13. Be2 exd4 14. Bxd4 Ne5 15. O-O Bf5 16. Nb3 {½-½ (33) Kolasinski,M (2231)-Kos,P (2253) Lublin 2006}) 10... Nxe5 11. Nf4 d5 12. exd5 g5 $1 {[%cal Rg5f4]} 13. Bb6 Qe8 {[#] Strongly threatening ...Nxf3+.} (13... Qd6 $5 {[%cal Rg5f4]} 14. Nd3 Nc4 15. Qxg5 Re8+ 16. Be2 Nxb6 17. axb6 Nxd5 $15) 14. Nfe2 Nc4 15. Qxg5 Nxb6 16. axb6 cxd5 (16... h6 $11 17. Qf4 Nxd5 18. Nxd5 cxd5) 17. O-O-O $14 Qc6 18. Nd4 ({Of course not} 18. Nxd5 Nxd5 19. Rxd5 h6 $17) 18... Qxb6 19. g4 Kh8 20. Nf5 Bxf5 $1 21. Qxf5 d4 22. Na4 Qd6 (22... Qc6 $11 23. Rxd4 Rad8 24. Rxd8 Rxd8) 23. Bd3 $1 $36 {[%mdl 2048] [#] g5 is the strong threat. White has good play.} Rfe8 {Hoping for ...Re5.} 24. f4 Qd5 25. Nb6 $1 {[%cal Rb6d5]} Qxf5 $1 26. Bxf5 ({Much weaker is} 26. gxf5 Rad8 $11) 26... Rad8 27. Rhe1 Bf8 28. Nc4 (28. Rxe8 $14 Nxe8 29. Nc4) 28... Bc5 29. Re5 b6 30. Rde1 {Threatens to win with g5.} Rxe5 31. fxe5 Nd5 32. e6 fxe6 33. Rxe6 Kg7 34. Ne5 Bd6 {White must now prevent ...Nf4.} 35. Nc6 Bf4+ 36. Kb1 Rd6 $1 37. Nxd4 Bxh2 38. Rxd6 (38. Re4 $16) 38... Bxd6 $11 {The position is equal.} 39. Bc8 {And now Nf5+ would win.} Kf6 40. Bxa6 Kg5 41. Bc8 {Av CentiPawn Loss W=-15/B=-12. Weighted=-17/-12} 1/2-1/2

[Event "FAI-ch 2020"]
[Site "Runavik"]
[Date "2020.10.24"]
[Round "2.2"]
[White "Berg, Margar M."]
[Black "Apol, Luitjen Akselsson"]
[Result "0-1"]
[WhiteElo "1912"]
[BlackElo "2126"]
[Annotator "TA"]
[PlyCount "112"]
[EventDate "2020.10.23"]
[EventType "tourn"]
[EventCountry "FAI"]
[SourceTitle "playchess.com"]
[Source "ChessBase"]
[SourceQuality "1"]

{[%evp 9,112,-35,-31,-27,-27,-29,-23,-23,-27,-29,-11,-16,-8,-36,-35,-38,-20,-32,-11,-12,-12,-10,-19,-54,-52,-47,-49,-145,-137,-160,-152,-207,-201,-197,-201,-399,-389,-461,-317,-317,-356,-351,-354,-354,-352,-342,-335,-341,-320,-339,-325,-392,-368,-564,-627,-675,-673,-606,-601,-534,-489,-689,-612,-710,-683,-1082,-1073,-1064,-1041,-935,-921,-764,-614,-29965,-29966,-29961,-29966,-29950,-10505,-4714,-2454,-29970,-29971,-5600,-2850,-1876,-837,-29975,-29975,-29973,-29974,-29978,-29979,-29980,-29981,-29981,-29982,-29981,-29983,-29983,-29984,-29984,-29985,-29984,-29984]} 1. d4 Nf6 2. Bg5 Ne4 3. Bf4 c5 4. Nd2 Nxd2 5. Qxd2 cxd4 $1 6. Bxb8 {A45: Trompowsky Attack.} Rxb8 7. Nf3 Qb6 8. Qxd4 {Black has an edge.} Qxd4 9. Nxd4 {[#]} d5 $146 ({Predecessor:} 9... g6 10. e3 Bg7 11. c3 O-O 12. Be2 b5 13. a3 d5 14. O-O Bd7 15. Rfd1 e6 {½-½ (79) Afifi,A (2311)-Yakovich,Y (2565) Cairo 1999}) 10. e3 a6 11. Bd3 e5 12. Nb3 Be6 13. O-O Be7 14. f4 f6 $36 {[%mdl 2048] Black has the initiative.} 15. fxe5 fxe5 16. e4 d4 $1 17. Nd2 Rc8 18. Rf3 {[#] White is now going downhill.} (18. Nf3 $15) 18... Bg5 $1 $17 {[%cal Rg5d2]} 19. Nb3 Ke7 20. Rg3 (20. Kh1 $17 {keeps fighting.}) 20... Be3+ $19 21. Kh1 g5 22. Rf1 $2 (22. Rf3 {was the only chance.}) 22... g4 23. c3 Bf4 24. Nxd4 Bxg3 ({Less strong is} 24... exd4 25. Rxf4 dxc3 26. bxc3 $17) 25. Nxe6 Kxe6 26. hxg3 {[%mdl 4096] Endgame KRR-KRB} Rhf8 27. Kg1 Rxf1+ 28. Kxf1 {KR-KB} b5 29. Ke2 Kd6 30. Kd2 Kc5 31. Bc2 (31. a3 {was called for.} Rc6 32. Be2) 31... Rd8+ 32. Ke3 b4 33. cxb4+ Kxb4 34. Bb3 Rd6 35. Ke2 (35. Bf7 $142 Rd1 36. Bh5) 35... a5 36. Bd5 Kc5 37. Ke3 Rb6 38. b3 Kb4 39. Kd3 Rf6 40. Ke2 Kc3 41. Bc4 {[#]} a4 $1 {[%mdl 512]} 42. Bg8 (42. bxa4 Kxc4) 42... a3 43. Bc4 h6 44. Ke3 Kb2 45. b4 {[#]} Kc3 $1 {[%mdl 64] Double Attack} 46. Be2 Kxb4 47. Bxg4 Rg6 (47... Kc3 $142 48. Bd1 Kb2) 48. Kf3 Kc3 {Black mates.} 49. Bf5 Rf6 50. g4 Kb2 51. g5 hxg5 52. Kg4 Kxa2 53. Kxg5 Rb6 54. Bh7 Kb2 55. Bg8 {[#]} Rb3 $1 {[%mdl 576] Promotion} 56. Bxb3 Kxb3 {Av CentiPawn Loss W=540/B=-88. Weighted=242/-72} 0-1

[Event "FAI-ch 2020"]
[Site "Runavik"]
[Date "2020.10.24"]
[Round "2.3"]
[White "Nolsoe, Rani"]
[Black "Danielsen, Andrias"]
[Result "0-1"]
[WhiteElo "2061"]
[BlackElo "1886"]
[Annotator "TA"]
[PlyCount "80"]
[EventDate "2020.10.23"]
[EventType "tourn"]
[EventCountry "FAI"]
[SourceTitle "playchess.com"]
[Source "ChessBase"]
[SourceQuality "1"]

{[%evp 21,80,74,64,-18,-30,-21,-28,-35,-23,-54,-47,-56,0,0,-20,-65,91,-87,-44,-98,-52,-87,-91,-86,-79,-75,-71,-75,-86,-87,-88,-108,-97,-68,-20,-131,-139,-122,-80,-54,-30,-90,-80,-65,-48,-185,-138,-199,16,-1230,-1121,-29988,-29989,-29989,-29990,-29990,-29991,-29992,-29993,-29993,-29994]} 1. e4 c5 2. Nf3 Nc6 3. d4 cxd4 4. Nxd4 Nf6 5. Nc3 e5 6. Ndb5 d6 7. Bg5 a6 8. Na3 b5 9. Bxf6 gxf6 10. Nd5 Bg7 11. Bd3 Ne7 12. c3 {B33: Sicilian: Pelikan and Sveshnikov Variations.} ({White should play} 12. Nxe7 $1 $14 Kxe7 13. O-O) 12... Nxd5 $11 13. exd5 f5 14. Nc2 {Black has an edge.} e4 {[#]} 15. Be2 $146 ({Predecessor:} 15. Bf1 O-O 16. Qh5 Rb8 17. Be2 Re8 18. Ne3 Re5 19. f4 exf3 20. Qxf3 Qe7 21. Nc2 {½-½ (53) Do Prado,M-Ramos,A (2151) Rio de Janeiro 2010}) 15... f4 16. a4 O-O 17. axb5 Qg5 18. Qd2 Kh8 $2 (18... Qxg2 $15 19. O-O-O Qxf2) 19. bxa6 $2 (19. g3 $16) 19... Qxg2 $17 20. O-O-O (20. Rf1 $15 Qxh2 21. O-O-O) 20... Be5 21. Bb5 Bxa6 22. Bxa6 Rxa6 23. Qe2 Ra4 24. Rhg1 Qh3 {[#] White must now prevent ...Bxc3!} 25. Qg4 Qh6 ({But not} 25... Qxh2 $2 26. Rh1 $18) 26. Qg5 Qxg5 27. Rxg5 Rg8 28. Rdg1 (28. Rxg8+ $1 $11 {keeps the balance.} Kxg8 29. Nb4) 28... Rxg5 29. Rxg5 {[%mdl 4096] Endgame KRB-KRN} h6 30. Rg1 Ra5 31. c4 (31. f3 $11) 31... f5 32. b4 Ra4 33. Rg6 ({White should try} 33. Rd1 $15) 33... Kh7 $19 34. Re6 (34. Rg1 $17) 34... e3 $2 (34... f3 $19 35. Re7+ Kg6 36. Re6+ Kf7) 35. fxe3 $2 {[%mdl 8192]} (35. f3 $11) 35... f3 36. e4 f2 {Black mates.} 37. Ne3 {[#]} Bf4 $1 {[%mdl 512]} 38. Re7+ Kg8 39. Kd1 Bxe3 40. Ke2 Ra2+ {Av CentiPawn Loss W=-99/B=-26. Weighted=-127/-44} 0-1

[Event "FAI-ch 2020"]
[Site "Runavik"]
[Date "2020.10.24"]
[Round "2.4"]
[White "Jacobsen, Heidrikur T."]
[Black "Gregersen, Hedin"]
[Result "0-1"]
[WhiteElo "1873"]
[BlackElo "1804"]
[Annotator "NA RC"]
[PlyCount "88"]
[EventDate "2020.10.23"]
[EventType "tourn"]
[EventCountry "FAI"]
[SourceTitle "playchess.com"]
[Source "ChessBase"]
[SourceQuality "1"]
[TimeControl "40/5400+30:900+30"]

{[%evp 8,88,38,41,47,43,34,0,32767,32767,32767,32767,32767,32767,14,32767,32767,32767,32767,32767,32767,38,49,33,89,70,96,32767,32767,32767,-75,-80,32767,-64,12,-25,-29,32767,32767,32767,32767,32767,32767,32767,33,32767,32767,32767,32767,39,30,11,0,0,0,0,32767,-9,32767,32767,32767,32767,114,111,110,133,133,153,173,62,86,0,0,-18,-22,-84,-88,-185,-174,-172,-20,-1299,-1536]} 1. Nf3 {[%emt 0:05:26]} Nf6 {[%emt 0:00:00]} 2. d4 {[%emt 0:00:23]} g6 {[%emt 0:00:00]} 3. c4 {[%emt 0:00:56]} Bg7 {[%emt 0:00:00]} 4. Nc3 {[%emt 0:00:06]} O-O {[%emt 0:00:26]} 5. e4 {[%emt 0:00:05]} d6 {[%emt 0:00:38]} 6. h3 {[%emt 0:00:07]} e5 {[%emt 0:03:11]} 7. dxe5 {[%emt 0:06:47]} dxe5 {[%emt 0:00:08]} 8. Qxd8 {[%emt 0:00:07]} Rxd8 {[%emt 0:00:05]} 9. Bg5 {[%emt 0:00:36]} c6 {[%emt 0:12:54]} 10. Be2 {[%emt 0:03:55]} h6 {[%emt 0:01:28] E92: King's Indian: Classical: 6 Be2 e5: 7 dxe5, 7 Be3 and Petrosian System without 7...Nbd7.} 11. Be3 {[%emt 0:00:23]} Be6 {[%emt 0:03:58]} 12. O-O {[%emt 0:01:39]} Na6 {[%emt 0:04:17]} 13. a3 {[%emt 0:03:15]} Nh5 {[%emt 0:04:16]} 14. Rfd1 {[%emt 0:01:36]} Nf4 {[%emt 0:13:50]} 15. Bf1 {[%emt 0:10:51] [#]} b6 $146 {[%emt 0:00:13]} ({Predecessor:} 15... f5 16. Rxd8+ Rxd8 17. Bxa7 c5 18. Re1 Re8 19. g3 fxe4 20. Nxe4 Nxh3+ 21. Kh2 Bg4 22. Bxh3 Bxf3 23. Nxc5 Nxc5 24. Bxc5 {0-1 (43) Soloveychik,S-Bourmistrov,D Churchill 2000}) 16. b4 {[%emt 0:01:09]} Nc7 {[%emt 0:06:12]} 17. Kh2 {[%emt 0:04:20]} f5 {[%emt 0:04:31]} 18. Bxf4 {[%emt 0:07:44]} exf4 {[%emt 0:02:24]} 19. e5 {[%emt 0:00:27]} Bf7 {[%emt 0:05:30]} 20. Rac1 {[%emt 0:01:55]} Re8 {[%emt 0:03:36]} (20... Ne6 $15) 21. Rd7 {[%emt 0:01:45]} (21. Rd6 $14) 21... Ne6 {[%emt 0:04:57]} 22. Rcd1 {[%emt 0:01:04]} Nf8 {[%emt 0:01:42]} 23. Rc7 {[%emt 0:01:00]} Rxe5 {[%emt 0:01:06]} 24. Rxc6 {[%emt 0:02:51]} Re7 {[%emt 0:03:46]} 25. Nd5 {[%emt 0:01:59]} Rd7 {[%emt 0:03:02]} 26. Re1 {[%emt 0:04:41]} Re8 {[%emt 0:04:55]} 27. Rxe8 {[%emt 0:08:22]} Bxe8 {[%emt 0:00:08]} 28. Rc8 {[%emt 0:01:33]} Bf7 {[%emt 0:02:47]} 29. Be2 {[%emt 0:03:22]} g5 {[%emt 0:03:05]} 30. Bd3 {[%emt 0:02:58]} Be6 {[%emt 0:01:05]} 31. Rc6 {[%emt 0:01:00]} Kf7 {[%emt 0:01:15]} 32. Bc2 {[%emt 0:00:52]} Ng6 {[%emt 0:01:19]} 33. Nc7 {[%emt 0:01:41]} Re7 {[%emt 0:00:16]} 34. Bb3 {[%emt 0:01:54]} Nf8 {[%emt 0:02:30]} 35. Nxe6 {[%emt 0:01:33]} Nxe6 {[%emt 0:00:04]} 36. c5 {[%emt 0:00:14]} bxc5 {[%emt 0:01:22]} 37. bxc5 {[%emt 0:01:42]} Bc3 {[%emt 0:01:31]} 38. Kg1 {[%emt 0:01:54]} ({White should try} 38. Rd6 $18 g4 39. c6 gxf3 40. Bxe6+ Kg7 41. Bxf5 (41. gxf3 Be5 $14)) 38... g4 {[%emt 0:01:19]} 39. hxg4 {[%emt 0:00:59]} fxg4 {[%emt 0:00:05]} 40. Nh2 {[%emt 0:00:00]} h5 {[%emt 0:00:00]} 41. Kf1 {[%emt 0:03:40]} (41. Nf1 $11) 41... Kf6 {[%emt 0:07:13]} 42. Ke2 {[%emt 0:01:30]} (42. Kg1 $17 {keeps fighting.}) 42... Ke5 {[%emt 0:02:55]} 43. Kd3 {[%emt 0:07:39] [#]} Bb2 $2 {[%emt 0:04:37]} (43... Be1 $1 $19 44. Rxe6+ Rxe6) 44. Rd6 $2 {[%emt 0:01:06]} (44. Bxe6 $11 Rxe6 45. Rc7) 44... Nxc5+ $19 {Double Attack} 0-1

[Event "FAI-ch 2020"]
[Site "Runavik"]
[Date "2020.10.24"]
[Round "3.1"]
[White "Gregersen, Hedin"]
[Black "Nielsen, Hogni Egilstoft"]
[Result "0-1"]
[WhiteElo "1804"]
[BlackElo "2396"]
[Annotator "TA"]
[PlyCount "44"]
[EventDate "2020.10.23"]
[EventType "tourn"]
[EventCountry "FAI"]
[SourceTitle "playchess.com"]
[Source "ChessBase"]
[SourceQuality "1"]

{[%evp 10,44,0,-14,0,0,0,0,9,0,0,0,0,0,3,-35,-4,-27,-25,-22,0,-38,-54,-135,-131,-208,-210,-214,-218,-202,-179,-312,-285,-375,-359,-356,-349]} 1. c4 Nf6 2. g3 c6 3. Bg2 d5 4. cxd5 cxd5 5. Nf3 Nc6 6. d4 Bg4 {D13: Slav Defence: Exchange variation without ...Bf5.} 7. Ne5 Bf5 8. Nxc6 (8. Nc3 {is interesting.} e6 9. O-O Be7 10. Nxc6 bxc6 11. Na4) 8... bxc6 {The position is equal.} 9. Nc3 e6 10. O-O Be7 11. f3 O-O 12. e4 {[#]} Bg6 $146 ({Predecessor:} 12... dxe4 13. fxe4 Bg6 14. Be3 Rb8 15. Rf2 Qa5 16. a3 Rfd8 17. b4 Qa6 18. Bf3 Rd7 {½-½ (26) Lamas,L (1920)-Cativelli,G (2193) Buenos Aires 2020}) 13. Be3 Rb8 14. Qe2 Qa5 15. a3 Rb3 16. e5 (16. Rac1 $15) 16... Nd7 $17 17. Rfc1 {[#]} (17. Ra2 $17 {keeps fighting.}) 17... Nb6 $1 $19 18. Bf2 Nc4 19. Nd1 Qb6 20. Rxc4 (20. Qe1 $142) 20... Bd3 {[%mdl 64] Double Attack} ({Weaker is} 20... dxc4 21. Qxc4 Qb5 22. Qc1 $17) 21. Rxc6 Bxe2 ({Don't take} 21... Qxc6 22. Qd2 $19) 22. Rxb6 axb6 {Av CentiPawn Loss W=-28/B=-8. Weighted=-24/-6} 0-1